000 01127nam a22003017a 4500
001 5306
003 FISKH
005 20241125145358.0
008 241125b cb ||||| |||| 00| 0 eng d
020 _a9780590503112
040 _aFISKH
_beng
_cFISKH
_dFISKH
050 _aPZ7.T3
082 _a582
100 _aThaler, Mike
_d(1936–2024)
245 _aThe librarian from the black lagoon /
_cby Mike Thaler picture by Jared Lee
250 _aFirst printing in 1997
260 _aNew York :
_bScholastic,
_c1997.
300 _a30 pages :
_bColor illustrations ;
_c21 cm
505 _aR
520 _aJoin Hubie once again as he faces his comically horrific fears during his first trip to the school library. Mrs. Beamster may be the school librarian, but to the kids at school, she's the "Laminator." If she catches you whispering, you're laminated! How will Hubie ever survive his first library trip?
521 8 _a710L
_bLexile
521 8 _aR
_bRaz-Plus
600 _2Black Lagoon
_aHumor
610 _2Fiction
_aLibrarians
700 _aLee, Jared
_dIllustrator
942 _2ddc
_cBK
_n0
999 _c5306
_d5306